[Event "IND-ch Rapid"]
[Site "Nashik"]
[Date "2024.03.05"]
[Round "5"]
[White "Neelotpal, Das"]
[Black "Utsab, Chatterjee"]
[Result "1-0"]
[WhiteElo "2291"]
[BlackElo "2254"]
[PlyCount "105"]
[EventDate "2024.03.04"]
[EventType "swiss (rapid)"]
[EventRounds "11"]
[EventCountry "IND"]
[SourceTitle "CB11_2024"]
[SourceDate "2024.03.13"]
[SourceVersion "1"]
[SourceVersionDate "2024.03.13"]
[SourceQuality "1"]

1. d4 d5 2. c4 e6 3. Nf3 Nf6 4. Nc3 Be7 5. Bf4 0-0 6. e3 Nbd7 7. c5 c6 8. b4 b6 9. h4 a5 10. a3 Ba6 11. Bxa6 Rxa6 12. Qe2 b5 13. 0-0 Ne4 14. Nxe4 dxe4 15. Nd2 Qa8 16. Rab1 axb4 17. axb4 Ra2 18. h5 h6 19. Qd1 Nf6 20. Be5 Nd5 21. Nxe4 f5 22. Nd6 Bxd6 23. cxd6 Rf7 24. Qc1 Rfa7 25. Qc5 Qe8 26. Rbc1 R2a6 27. Rfe1 Qxh5 28. e4 fxe4 29. Rxe4 Qf5 30. Ree1 Qf7 31. Bg3 Ra8 32. Rc2 Qd7 33. Rce2 Re8 34. Be5 Ra3 35. Rc1 Rc8 36. Re4 h5 37. Ree1 Ra4 38. Ra1 Rca8 39. Rab1 Ra2 40. Rec1 R8a6 41. Rb3 h4 42. Rf3 R2a4 43. Rb1 Ra8 44. Kh2 Rf8 45. Rxf8+ Kxf8 46. Rb3 Kg8 47. Rh3 Nxb4 48. Rxh4 Nd3 49. Qc2 Qd8 50. Bg3 Ra3 51. Qxc6 b4 52. d7 Kf7 53. Re4 1-0

[Event "Meghalaya op 1st"]
[Site "Shillong"]
[Date "2023.12.16"]
[Round "6"]
[White "Neelotpal, Das"]
[Black "Aronyak, Ghosh"]
[Result "0-1"]
[WhiteElo "2350"]
[BlackElo "2545"]
[PlyCount "84"]
[EventDate "2023.12.13"]
[EventType "swiss"]
[EventRounds "10"]
[EventCountry "IND"]
[SourceTitle "CB52_2023"]
[SourceDate "2023.12.27"]
[SourceVersion "1"]
[SourceVersionDate "2023.12.27"]
[SourceQuality "1"]

1. d4 Nf6 2. c4 e6 3. Nf3 b6 4. g3 Bb7 5. Bg2 Bb4+ 6. Bd2 Be7 7. Nc3 c6 8. e4 d5 9. Qe2 dxc4 10. Qxc4 0-0 11. Bg5 c5 12. dxc5 bxc5 13. 0-0 Ba6 14. Nb5 Qb6 15. a4 Nc6 16. Rfc1 Rfd8 17. e5 Nd5 18. Bxe7 Ndxe7 19. Bf1 Na5 20. Qc2 Nf5 21. Ra3 c4 22. Rc3 Bxb5 23. axb5 Qxb5 24. Bxc4 Nxc4 25. Rxc4 h6 26. b4 Qd5 27. Kg2 Rab8 28. Qe4 Ne7 29. Ra1 Rd7 30. Qe2 Qb7 31. Rac1 Rbd8 32. Qe4 Qxe4 33. Rxe4 Rb8 34. Rec4 Rdb7 35. Ra1 Nd5 36. b5 Rxb5 37. Rxa7 Rb2 38. Re4 R8b3 39. Re1 Ne3+ 40. Kh3 Rxf2 41. Nd4 Rd3 42. Nc6 g5 0-1

[Event "Meghalaya op 1st"]
[Site "Shillong"]
[Date "2023.12.13"]
[Round "1"]
[White "Pathak, Anshu Kr"]
[Black "Neelotpal, Das"]
[Result "0-1"]
[WhiteElo "1671"]
[BlackElo "2350"]
[PlyCount "59"]
[EventDate "2023.12.13"]
[EventType "swiss"]
[EventRounds "10"]
[EventCountry "IND"]
[SourceTitle "CB52_2023"]
[SourceDate "2023.12.27"]
[SourceVersion "1"]
[SourceVersionDate "2023.12.27"]
[SourceQuality "1"]

1. e4 c5 2. Nc3 Nc6 3. Bb5 Nd4 4. Nf3 g6 5. Nxd4 cxd4 6. Ne2 Bg7 7. 0-0 Qb6 8. Ba4 Nf6 9. d3 0-0 10. Bb3 a5 11. a4 d6 12. f3 Nd7 13. Kh1 Ne5 14. Bc4 e6 15. c3 dxc3 16. bxc3 Qc7 17. Bb5 Bd7 18. Rb1 Bc6 19. d4 Nd7 20. Qb3 b6 21. Ba3 Rfe8 22. Rfc1 Bf8 23. Rd1 d5 24. Bd3 dxe4 25. fxe4 Nf6 26. Qxb6 Rac8 27. Qxc7 Rxc7 28. Rb3 Nxe4 29. Bxe4 Bxe4 30. Ng3 0-1

[Event "Vaujany op 14th"]
[Site "Vaujany"]
[Date "2023.07.19"]
[Round "7"]
[White "Neelotpal, Das"]
[Black "Adrian, Leopold"]
[Result "1-0"]
[WhiteElo "2362"]
[BlackElo "2129"]
[PlyCount "55"]
[EventDate "2023.07.13"]
[EventType "swiss"]
[EventRounds "9"]
[EventCountry "FRA"]
[SourceTitle "CBM 215 Extra"]
[Source "ChessBase"]
[SourceDate "2023.09.30"]
[SourceVersion "1"]
[SourceVersionDate "2023.09.30"]
[SourceQuality "1"]

1. d4 d5 2. Nf3 c5 3. c4 e6 4. cxd5 exd5 5. g3 Nf6 6. Bg2 Be7 7. 0-0 0-0 8. dxc5 Bxc5 9. a3 a5 10. Qc2 Ba7 11. Nc3 Be6 12. Bg5 Nbd7 13. Rad1 Qc8 14. Qb1 h6 15. Bf4 Qc4 16. e3 Rfd8 17. Rfe1 Rac8 18. Bf1 Qc5 19. Rc1 Bb8 20. Bxb8 Nxb8 21. Nd4 Qe7 22. Bg2 Nc6 23. Nce2 Bg4 24. Qd3 Ne5 25. Qb3 Nc4 26. Nf4 Be6 27. Rc2 Rc5 28. e4 1-0

[Event "Vaujany op 14th"]
[Site "Vaujany"]
[Date "2023.07.17"]
[Round "5"]
[White "Neelotpal, Das"]
[Black "Hamdouchi, Hicham"]
[Result "0-1"]
[WhiteElo "2362"]
[BlackElo "2521"]
[PlyCount "122"]
[EventDate "2023.07.13"]
[EventType "swiss"]
[EventRounds "9"]
[EventCountry "FRA"]
[SourceTitle "CBM 215 Extra"]
[Source "ChessBase"]
[SourceDate "2023.09.30"]
[SourceVersion "1"]
[SourceVersionDate "2023.09.30"]
[SourceQuality "1"]

1. d4 Nf6 2. c4 g6 3. Nc3 d5 4. cxd5 Nxd5 5. g3 Bg7 6. Bg2 Nxc3 7. bxc3 c5 8. e3 Qa5 9. Bd2 0-0 10. Ne2 e5 11. 0-0 Nd7 12. Qc2 Qc7 13. Rac1 Rb8 14. c4 cxd4 15. exd4 exd4 16. Bf4 Ne5 17. Nxd4 Qc5 18. Nb3 Qa3 19. Qc3 Nc6 20. Qe3 Ra8 21. Bh6 Bxh6 22. Qxh6 Qxa2 23. Nc5 Qa5 24. Ne4 Qe5 25. Rb1 a5 26. Rb5 Qg7 27. Qxg7+ Kxg7 28. Nd6 Ra7 29. Ra1 a4 30. Ra3 Nd4 31. Rb4 Bd7 32. Rxb7 Rxb7 33. Bxb7 Rb8 34. c5 Nb5 35. Nxb5 Rxb7 36. Nd4 Rb4 37. Ne2 Rc4 38. Nc3 Rxc5 39. f3 Rc4 40. Kf2 Rb4 41. h4 Rb3 42. Rxb3 axb3 43. Nd1 Kf6 44. Ke3 Bc6 45. f4 Kf5 46. Nb2 f6 47. Nd1 h6 48. Nb2 Bb5 49. Nd1 g5 50. hxg5 fxg5 51. fxg5 hxg5 52. Nb2 Ke5 53. Nd1 Ba6 54. Nb2 Kd5 55. Nd1 Kc4 56. Kd2 Kd4 57. Nf2 Be2 58. g4 Bf3 59. Nh3 Be4 60. Nxg5 b2 61. Nf3+ Kd5 0-1

[Event "Vaujany op 14th"]
[Site "Vaujany"]
[Date "2023.07.13"]
[Round "1"]
[White "Neelotpal, Das"]
[Black "Frelau, Matthias"]
[Result "1-0"]
[WhiteElo "2362"]
[BlackElo "1979"]
[PlyCount "91"]
[EventDate "2023.07.13"]
[EventType "swiss"]
[EventRounds "9"]
[EventCountry "FRA"]
[SourceTitle "CBM 215 Extra"]
[Source "ChessBase"]
[SourceDate "2023.09.30"]
[SourceVersion "1"]
[SourceVersionDate "2023.09.30"]
[SourceQuality "1"]

1. d4 Nf6 2. Nf3 g6 3. g3 Bg7 4. Bg2 c5 5. d5 d6 6. c4 b5 7. cxb5 a6 8. bxa6 0-0 9. 0-0 Nxa6 10. Nc3 Nb4 11. a3 Bf5 12. Ne1 Qd7 13. Bg5 Na6 14. e4 Bg4 15. f3 Bh3 16. Qe2 Bxg2 17. Nxg2 Rfb8 18. Rad1 Rb3 19. Bc1 Nc7 20. Qc2 Rab8 21. Ne3 Qh3 22. Nc4 Nh5 23. e5 Bxe5 24. Nxe5 dxe5 25. Ne4 Na6 26. d6 exd6 27. Rxd6 R3b6 28. Qc4 Nxg3 29. Rxb6 Nxf1 30. Rxb8+ Nxb8 31. Qxf7+ Kxf7 32. Ng5+ Kf6 33. Nxh3 Nxh2 34. Kxh2 Nc6 35. Ng5 Nd4 36. Kg2 c4 37. Bd2 Nb3 38. Be3 h5 39. Ne4+ Ke7 40. Nd2 Nc1 41. Nxc4 Nd3 42. b4 Kd7 43. b5 Kc7 44. a4 Ne1+ 45. Kf2 Nd3+ 46. Ke2 1-0

[Event "IND-ch 59th"]
[Site "New Delhi"]
[Date "2023.01.01"]
[Round "11"]
[White "Neelotpal, Das"]
[Black "Mahindrakar, Indrajeet"]
[Result "1-0"]
[WhiteElo "2384"]
[BlackElo "1957"]
[PlyCount "95"]
[EventDate "2022.12.22"]
[EventType "swiss"]
[EventRounds "13"]
[EventCountry "IND"]
[SourceTitle "CBM 211 Extra"]
[Source "ChessBase"]
[SourceDate "2023.01.31"]
[SourceVersion "1"]
[SourceVersionDate "2023.01.31"]
[SourceQuality "1"]

1. d4 Nf6 2. Nf3 c5 3. d5 e6 4. c4 b5 5. Qc2 bxc4 6. e4 exd5 7. exd5 Nxd5 8. Bxc4 Nb6 9. 0-0 Be7 10. Bd3 Nc6 11. a3 h6 12. Be3 d6 13. Be4 d5 14. Rd1 Qd6 15. Nc3 Be6 16. b4 cxb4 17. Nb5 Qd7 18. Bxb6 b3 19. Qxb3 dxe4 20. Qa4 Qb7 21. Nc7+ Kf8 22. Nxa8 axb6 23. Qxe4 Qxa8 24. Ne5 Bb3 25. Rd7 Qc8 26. Qxc6 Qxc6 27. Nxc6 Bf6 28. Rb1 Ba4 29. Rxb6 Kg8 30. Ra7 Bc2 31. Rb8+ Kh7 32. Rxh8+ Kxh8 33. Rxf7 Kh7 34. Ra7 Be4 35. Rc7 Kg6 36. a4 Kf5 37. Na5 Bd5 38. Nc4 Ke6 39. Ne3 Be4 40. a5 Kd6 41. Rc1 Bb7 42. Nf5+ Kd7 43. Nd4 Bd8 44. Rd1 Kc8 45. Nf5 Bxa5 46. Nd6+ Kc7 47. Nxb7 Kxb7 48. Rd7+ 1-0

[Event "IND-ch 59th"]
[Site "New Delhi"]
[Date "2022.12.31"]
[Round "10"]
[White "Shet, Prajwal P"]
[Black "Neelotpal, Das"]
[Result "1/2-1/2"]
[WhiteElo "2064"]
[BlackElo "2384"]
[PlyCount "97"]
[EventDate "2022.12.22"]
[EventType "swiss"]
[EventRounds "13"]
[EventCountry "IND"]
[SourceTitle "CBM 211 Extra"]
[Source "ChessBase"]
[SourceDate "2023.01.31"]
[SourceVersion "1"]
[SourceVersionDate "2023.01.31"]
[SourceQuality "1"]

1. Nf3 Nf6 2. e3 g6 3. b3 Bg7 4. Bb2 c5 5. c4 0-0 6. Be2 d6 7. d4 Nc6 8. 0-0 Bf5 9. Nc3 Re8 10. Qd2 e5 11. dxe5 dxe5 12. Qxd8 Raxd8 13. Rfd1 e4 14. Ne1 h5 15. Nb5 Bg4 16. Kf1 Nh7 17. Bxg7 Kxg7 18. h3 Bxe2+ 19. Kxe2 f5 20. g3 a6 21. Nc7 Re7 22. Nd5 Red7 23. Ng2 Ng5 24. Ngf4 Kf7 25. h4 Nf3 26. a4 Na5 27. Rdb1 Rd6 28. Ra2 R8d7 29. Kf1 Nc6 30. Kg2 Nb4 31. Nxb4 cxb4 32. Nd5 a5 33. Rd1 Ne5 34. Kf1 Nd3 35. Rad2 Nc5 36. Rb1 Ne6 37. Rdb2 Nc7 38. Nf4 Ne6 39. Nd5 Nc5 40. Ke2 Ne6 41. Rc1 Rc6 42. Rd1 Nc5 43. Rdb1 Ke6 44. Rd2 Ke5 45. Rbb2 Nd3 46. Rbc2 Nc5 47. Rb2 Nd3 48. Rbc2 Nc5 49. Rb2 1/2-1/2

[Event "IND-ch 59th"]
[Site "New Delhi"]
[Date "2022.12.27"]
[Round "6"]
[White "Mayank, Chakraborty"]
[Black "Neelotpal, Das"]
[Result "1/2-1/2"]
[WhiteElo "2179"]
[BlackElo "2384"]
[PlyCount "60"]
[EventDate "2022.12.22"]
[EventType "swiss"]
[EventRounds "13"]
[EventCountry "IND"]
[SourceTitle "CBM 211 Extra"]
[Source "ChessBase"]
[SourceDate "2023.01.31"]
[SourceVersion "1"]
[SourceVersionDate "2023.01.31"]
[SourceQuality "1"]

1. e4 c6 2. d4 d5 3. exd5 cxd5 4. Bd3 Nc6 5. c3 e6 6. Nf3 Bd6 7. 0-0 Nge7 8. Re1 Qc7 9. h3 Bd7 10. a4 0-0 11. Ng5 g6 12. Na3 a6 13. Nc2 Rae8 14. Nf3 f6 15. Ne3 Kh8 16. c4 dxc4 17. Nxc4 Bb4 18. Re4 Nf5 19. Bf4 Qd8 20. g4 b5 21. axb5 axb5 22. Na3 Nd6 23. Re2 Bc8 24. Nxb5 Bb7 25. Qb3 Nxb5 26. Bxb5 Qb6 27. Bxc6 Qxc6 28. Re3 e5 29. Qxb4 exf4 30. Rb3 Rf7 1/2-1/2

[Event "IND-ch 59th"]
[Site "New Delhi"]
[Date "2022.12.24"]
[Round "3"]
[White "Neelotpal, Das"]
[Black "Krishnan, Ritvik"]
[Result "1/2-1/2"]
[WhiteElo "2384"]
[BlackElo "2266"]
[PlyCount "46"]
[EventDate "2022.12.22"]
[EventType "swiss"]
[EventRounds "13"]
[EventCountry "IND"]
[SourceTitle "CBM 211 Extra"]
[Source "ChessBase"]
[SourceDate "2023.01.31"]
[SourceVersion "1"]
[SourceVersionDate "2023.01.31"]
[SourceQuality "1"]

1. e4 c5 2. Nf3 d6 3. d4 cxd4 4. Qxd4 Nf6 5. c4 Nc6 6. Qe3 g6 7. h3 Bg7 8. Be2 Qa5+ 9. Bd2 Qb6 10. Qxb6 axb6 11. Bc3 0-0 12. Nbd2 Be6 13. 0-0 Nh5 14. Bxg7 Kxg7 15. Rfc1 Nf4 16. Bf1 Rfc8 17. Rc3 f6 18. a3 g5 19. Rb3 Ra6 20. Rc3 Ra4 21. Rb3 Ra6 22. Rc3 Ra4 23. Rb3 Ra6 1/2-1/2

[Event "Asian Continental Blitz op 19th"]
[Site "Delhi"]
[Date "2022.11.03"]
[Round "9"]
[White "Dang, Vu Dung"]
[Black "Neelotpal, Das"]
[Result "0-1"]
[WhiteElo "2017"]
[BlackElo "2400"]
[PlyCount "50"]
[EventDate "2022.11.03"]
[EventType "swiss (blitz)"]
[EventRounds "9"]
[EventCountry "IND"]
[SourceTitle "EXT 2024"]
[Source "ChessBase"]
[SourceDate "2023.10.10"]
[SourceVersion "1"]
[SourceVersionDate "2023.10.10"]
[SourceQuality "1"]

1. c4 e5 2. Nc3 Nf6 3. e4 Bb4 4. Bd3 c6 5. a3 Bxc3 6. bxc3 d5 7. cxd5 cxd5 8. Qe2 0-0 9. Bc2 b6 10. d3 Ba6 11. exd5 Nxd5 12. c4 Nf4 13. Qf3 Qd4 14. Rb1 Nd7 15. Bb2 Qd6 16. g3 Ne6 17. Ne2 Ndc5 18. 0-0 Rad8 19. Qh5 Nd4 20. Bxd4 exd4 21. Nf4 Bb7 22. Bd1 Rfe8 23. Bf3 Re5 24. Qg4 f5 25. Qh5 g6 0-1

[Event "Asian Continental Blitz op 19th"]
[Site "Delhi"]
[Date "2022.11.03"]
[Round "5"]
[White "Muhammed, Shuaau"]
[Black "Neelotpal, Das"]
[Result "0-1"]
[WhiteElo "2035"]
[BlackElo "2400"]
[PlyCount "118"]
[EventDate "2022.11.03"]
[EventType "swiss (blitz)"]
[EventRounds "9"]
[EventCountry "IND"]
[SourceTitle "EXT 2024"]
[Source "ChessBase"]
[SourceDate "2023.10.10"]
[SourceVersion "1"]
[SourceVersionDate "2023.10.10"]
[SourceQuality "1"]

1. d4 Nf6 2. f4 c5 3. c3 e6 4. e3 b6 5. Nf3 Bb7 6. Bd3 g6 7. 0-0 Bg7 8. Bd2 0-0 9. Be1 d6 10. Bh4 Qc7 11. Bxf6 Bxf6 12. Nbd2 Nd7 13. Qe2 Bg7 14. e4 a6 15. a4 Rfe8 16. Rac1 e5 17. fxe5 dxe5 18. d5 Bh6 19. Rcd1 f6 20. h3 Rf8 21. Nc4 b5 22. axb5 axb5 23. Na3 c4 24. Bc2 Ba6 25. Nh2 Nc5 26. Ng4 Bg7 27. Qe3 Nb7 28. Bb1 Nd6 29. Nc2 Qa7 30. Qxa7 Rxa7 31. Nb4 Bb7 32. Ne3 Bh6 33. Rf3 Bxe3+ 34. Rxe3 Ra1 35. g4 g5 36. Ree1 Rfa8 37. Bc2 Rxd1 38. Rxd1 Kg7 39. Kf2 Bc8 40. Kf3 h5 41. Nc6 hxg4+ 42. hxg4 Bd7 43. Ne7 Kf7 44. Nf5 Bxf5 45. gxf5 Ra2 46. Rb1 Nb7 47. Ke3 Ke7 48. Bd1 Nc5 49. b3 Ra3 50. bxc4 Rxc3+ 51. Ke2 bxc4 52. Rb6 Rh3 53. Bc2 Rh4 54. Rc6 Nxe4 55. Bxe4 Rxe4+ 56. Kf3 Rf4+ 57. Ke3 Rxf5 58. Rxc4 Kd6 59. Ra4 Kxd5 0-1

[Event "Asian Continental Blitz op 19th"]
[Site "Delhi"]
[Date "2022.11.03"]
[Round "2"]
[White "Neelotpal, Das"]
[Black "Dushyant, Sharma"]
[Result "0-1"]
[WhiteElo "2400"]
[BlackElo "2370"]
[PlyCount "60"]
[EventDate "2022.11.03"]
[EventType "swiss (blitz)"]
[EventRounds "9"]
[EventCountry "IND"]
[SourceTitle "EXT 2024"]
[Source "ChessBase"]
[SourceDate "2023.10.10"]
[SourceVersion "1"]
[SourceVersionDate "2023.10.10"]
[SourceQuality "1"]

1. d4 d5 2. Bf4 e6 3. Nc3 f5 4. g4 Bd6 5. Bxd6 Qxd6 6. gxf5 exf5 7. e3 Nf6 8. Nf3 Be6 9. Rg1 g6 10. Bd3 c6 11. Ne2 Nbd7 12. Nf4 0-0-0 13. c3 Rhg8 14. Qa4 Kb8 15. 0-0-0 Ne4 16. Bxe4 dxe4 17. Ng5 Bd5 18. c4 Nb6 19. c5 Qxc5+ 20. dxc5 Nxa4 21. Nxh7 Nxc5 22. Nf6 Rh8 23. b4 Na4 24. N6xd5 cxd5 25. Rxd5 Rc8+ 26. Kd2 Rxh2 27. Rg2 Rh1 28. Nxg6 Rcc1 29. Ne7 Rhd1+ 30. Ke2 Nc3# 0-1

[Event "Asian Continental Blitz op 19th"]
[Site "Delhi"]
[Date "2022.11.03"]
[Round "6"]
[White "Neelotpal, Das"]
[Black "Tologontegin, Semetey"]
[Result "0-1"]
[WhiteElo "2400"]
[BlackElo "2382"]
[PlyCount "134"]
[EventDate "2022.11.03"]
[EventType "swiss (blitz)"]
[EventRounds "9"]
[EventCountry "IND"]
[SourceTitle "EXT 2024"]
[Source "ChessBase"]
[SourceDate "2023.10.10"]
[SourceVersion "1"]
[SourceVersionDate "2023.10.10"]
[SourceQuality "1"]

1. e4 g6 2. d4 Bg7 3. Nc3 c6 4. Be3 d5 5. f3 dxe4 6. fxe4 Nf6 7. Nf3 Qb6 8. Qc1 Ng4 9. Bg1 e5 10. d5 Qa5 11. Qd2 Bh6 12. Qd3 0-0 13. h3 Nf6 14. Be3 Bxe3 15. Qxe3 cxd5 16. exd5 e4 17. Nd2 Nxd5 18. Nxd5 Qxd5 19. Bc4 Qe5 20. 0-0 Be6 21. Nxe4 Nc6 22. Nf6+ Kg7 23. Qxe5 Nxe5 24. Bxe6 fxe6 25. Ne4 Rxf1+ 26. Rxf1 Rc8 27. c3 Nd3 28. b3 Nc5 29. Nxc5 Rxc5 30. c4 b5 31. cxb5 Rxb5 32. Rd1 Ra5 33. Rd2 Kf6 34. Kf2 Ke5 35. Ke3 g5 36. Rc2 h5 37. a4 Rd5 38. b4 Rd7 39. Rc5+ Kf6 40. h4 gxh4 41. Rxh5 Rg7 42. Rxh4 Rxg2 43. Rh7 a5 44. bxa5 Rg4 45. a6 Rxa4 46. a7 Ke5 47. Rb7 Ra3+ 48. Ke2 Ke4 49. Rb4+ Kf5 50. Rb7 e5 51. Kd2 Ke4 52. Ke2 Ra2+ 53. Ke1 Kf4 54. Rb4+ e4 55. Rb7 Kf3 56. Kd1 Ra1+ 57. Kc2 e3 58. Kd3 Ra3+ 59. Kc2 Kf2 60. Kb2 Ra6 61. Kc2 e2 62. Rf7+ Ke1 63. Re7 Rc6+ 64. Kd3 Rd6+ 65. Kc2 Ra6 66. Kd3 Kd1 67. Rxe2 Ra3+ 0-1

[Event "Madurai Athens of the East op 2nd"]
[Site "Madurai"]
[Date "2022.07.01"]
[Round "5"]
[White "Vignesh, R3333"]
[Black "Neelotpal, Das"]
[Result "1/2-1/2"]
[WhiteElo "2072"]
[BlackElo "2431"]
[PlyCount "75"]
[EventDate "2022.06.28"]
[EventType "swiss"]
[EventRounds "10"]
[EventCountry "IND"]
[SourceTitle "EXT 2023"]
[Source "ChessBase"]
[SourceDate "2022.10.05"]
[SourceVersion "1"]
[SourceVersionDate "2022.10.05"]
[SourceQuality "1"]

1. Nf3 d5 2. e3 Nf6 3. c4 e6 4. Nc3 c6 5. b3 Bd6 6. Bb2 0-0 7. Be2 e5 8. cxd5 cxd5 9. Nb5 Nc6 10. Nxd6 Qxd6 11. d4 e4 12. Ne5 Nb4 13. Qd2 Ne8 14. a3 Nc6 15. a4 a5 16. Nxc6 Qxc6 17. Ba3 Qg6 18. Bxf8 Qxg2 19. 0-0-0 Kxf8 20. Kb2 Qxf2 21. Rhf1 Qh4 22. Rc1 Be6 23. Bb5 Nd6 24. Rc7 Qd8 25. Rfc1 Kg8 26. Qf2 h6 27. Qf4 Qf8 28. Bd7 Nc4+ 29. R1xc4 dxc4 30. Bxe6 fxe6 31. Qxf8+ Rxf8 32. bxc4 Rf7 33. Rc5 Rf5 34. Rc7 Rf7 35. Rc5 Rf5 36. Rc7 Rf7 37. Rc5 Rf5 38. Rc7 1/2-1/2

[Event "Visakhapatnam Vizag op"]
[Site "Visakhapatnam"]
[Date "2022.06.12"]
[Round "4"]
[White "Neelotpal, Das"]
[Black "Allahverdiyeva, Ayan"]
[Result "1-0"]
[WhiteElo "2431"]
[BlackElo "2115"]
[PlyCount "79"]
[EventDate "2022.06.10"]
[EventType "swiss"]
[EventRounds "10"]
[EventCountry "IND"]
[SourceTitle "CBM 208 Extra"]
[Source "ChessBase"]
[SourceDate "2022.07.31"]
[SourceVersion "1"]
[SourceVersionDate "2022.07.31"]
[SourceQuality "1"]

1. e4 c5 2. Nf3 d6 3. d4 cxd4 4. Nxd4 Nf6 5. Nc3 a6 6. Qd3 e6 7. a4 Nc6 8. Be2 Be7 9. Nxc6 bxc6 10. Qg3 e5 11. 0-0 0-0 12. f4 Qc7 13. Kh1 Kh8 14. Bd2 Rb8 15. b3 a5 16. Rad1 Rb4 17. Bf3 Ba6 18. Rfe1 Rg8 19. Qf2 Bc8 20. Nb1 Rb8 21. fxe5 dxe5 22. Bc3 Bb4 23. Bxb4 Rxb4 24. Qc5 Re8 25. Na3 Ba6 26. Rd6 Rc8 27. Red1 h6 28. h3 Nxe4 29. Bxe4 Rxe4 30. Rd7 Qb8 31. Qxa5 Be2 32. Re1 Rf4 33. Rxe2 Rf1+ 34. Kh2 e4+ 35. g3 f5 36. Nc4 f4 37. Qe5 Qxe5 38. Nxe5 f3 39. Rxe4 f2 40. Rf4 1-0

[Event "Titled Tuesday intern op 31st May Early"]
[Site "Chess.com INT"]
[Date "2022.05.31"]
[Round "1"]
[White "Guseinov, Gadir"]
[Black "Neelotpal, Das"]
[Result "1-0"]
[WhiteElo "2668"]
[BlackElo "2431"]
[PlyCount "79"]
[EventDate "2022.05.31"]
[EventType "swiss (blitz)"]
[EventRounds "11"]
[EventCountry "USA"]
[SourceTitle "CBM 208 Extra"]
[Source "ChessBase"]
[SourceDate "2022.07.31"]
[SourceVersion "1"]
[SourceVersionDate "2022.07.31"]
[SourceQuality "1"]

1. e4 e5 2. Nf3 Nc6 3. Bb5 Nf6 4. 0-0 Nxe4 5. d4 Nd6 6. dxe5 Nxb5 7. a4 Nbd4 8. Nxd4 Nxd4 9. Qxd4 d5 10. Qd3 c6 11. a5 Qd7 12. f4 Qf5 13. Qc3 Be7 14. Be3 0-0 15. Nd2 Qg6 16. Nb3 Bf5 17. Bc5 Be4 18. Rf2 Bh4 19. Re2 Rfe8 20. Rf1 f6 21. Bd4 b6 22. Qxc6 Rac8 23. Qd7 fxe5 24. Bxe5 Bxc2 25. Qxd5+ Qf7 26. Qxf7+ Kxf7 27. Re3 bxa5 28. Nxa5 Bd8 29. Nb7 Bb6 30. Nd6+ Kg8 31. Rfe1 g5 32. Nxc8 Bxe3+ 33. Rxe3 gxf4 34. Nd6 fxe3 35. Nxe8 Kf7 36. Nc7 Bd3 37. Bd4 e2 38. Kf2 a6 39. Nd5 Bb5 40. Nf4 1-0